ARRUPE JESUIT UNIVERSITY

CORONAVIRUS -STOP THE SPREAD - CLEAN,DISINFECT,COVER

le Robert and Collins anglais maxi francais-anglais/anglais-francais (Record no. 128051)

MARC details
000 -LEADER
fixed length control field 01511cam a2200373 a 4500
001 - CONTROL NUMBER
control field 13458567
003 - CONTROL NUMBER IDENTIFIER
control field ARRUPE
005 - DATE AND TIME OF LATEST TRANSACTION
control field 20180828134626.0
008 - FIXED-LENGTH DATA ELEMENTS--GENERAL INFORMATION
fixed length control field 040115s2003 stk d 000 0 eng d
010 ## - LIBRARY OF CONGRESS CONTROL NUMBER
LC control number 2004540303
020 ## - INTERNATIONAL STANDARD BOOK NUMBER
International Standard Book Number 9782321006244
035 ## - SYSTEM CONTROL NUMBER
System control number (CStRLIN)NJRGA1833325-B
035 ## - SYSTEM CONTROL NUMBER
System control number (NjR)a1833325
040 ## - CATALOGING SOURCE
Original cataloging agency OrLoB
Transcribing agency OrLoB
Modifying agency CStRLIN
-- DLC
042 ## - AUTHENTICATION CODE
Authentication code lccopycat
050 00 - LIBRARY OF CONGRESS CALL NUMBER
Classification number PC2640
Item number .C69
300 ## - PHYSICAL DESCRIPTION
Dimensions 24 cm.
245 00 - TITLE STATEMENT
Title le Robert and Collins anglais maxi francais-anglais/anglais-francais
246 14 - VARYING FORM OF TITLE
Title proper/short title Collins Robert French dictionary
246 13 - VARYING FORM OF TITLE
Title proper/short title Dictionnaire anglais-français, français-anglais
246 13 - VARYING FORM OF TITLE
Title proper/short title English-French, French-English Dictionary
250 ## - EDITION STATEMENT
Edition statement 17th ed.
260 ## - PUBLICATION, DISTRIBUTION, ETC. (IMPRINT)
Place of publication, distribution, etc Glasgow :
Name of publisher, distributor, etc HarperCollins ;
Place of publication, distribution, etc Paris :
Name of publisher, distributor, etc Le Robert,
Date of publication, distribution, etc 2015
300 ## - PHYSICAL DESCRIPTION
Extent xix, 929 p. ;
650 #0 - SUBJECT ADDED ENTRY--TOPICAL TERM
Topical term or geographic name as entry element French language
Form subdivision Dictionaries
General subdivision English.
9 (RLIN) 41116
650 #0 - SUBJECT ADDED ENTRY--TOPICAL TERM
Topical term or geographic name as entry element English language
Form subdivision Dictionaries
General subdivision French.
9 (RLIN) 41117
906 ## - LOCAL DATA ELEMENT F, LDF (RLIN)
a 7
b cbc
c copycat
d 2
e ncip
f 20
g y-gencatlg
942 ## - ADDED ENTRY ELEMENTS (KOHA)
Source of classification or shelving scheme Library of Congress Classification
Koha item type Monograph ( Printed materials)
Holdings
Withdrawn status Lost status Source of classification or shelving scheme Damaged status Not for loan Collection code Home library Current library Shelving location Date acquired Total Checkouts Full call number Barcode Date last seen Price effective from Koha item type
    Library of Congress Classification     Main Collection ARRUPE LIBRARY ARRUPE LIBRARY Main Collection 28/08/2018   PC2640 .C69 46600002346 28/08/2018 28/08/2018 Monograph ( Printed materials)
    Library of Congress Classification     Main Collection ARRUPE LIBRARY ARRUPE LIBRARY Main Collection 03/06/2019   PC2640 .C69 46600004854 03/06/2019 03/06/2019 Monograph ( Printed materials)

 

Arrupe Library. PO Box MP320 Mt Pleasant, Harare, Zimbabwe
263 242 745411|librarian@aju.ac.zw